| 000 | 00674nam a22002057a 4500 | ||
|---|---|---|---|
| 999 |
_c10005 _d10005 |
||
| 003 | AR-CdUCM | ||
| 008 | 190329b ||||| |||| 00| 0 spa d | ||
| 040 |
_aMUNICIPALIDAD PROVINCIAL DEL CUSCO _cBIBLIOTECA MUNICIPAL DEL CUSCO |
||
| 082 |
_a869.56 / _bP78 / 1937 |
||
| 100 |
_aPortugal C, Jose _926600 |
||
| 245 | _aNiños del kollao / | ||
| 260 |
_aPuno : _bCamacho, _c1937. |
||
| 300 |
_a144 páginas ; _c18 cm. |
||
| 505 | _aContenido : El diablo del poblado -- El numero trece -- La chita panchita -- Perico, el dos en uno ... | ||
| 650 |
_aLiteratura _9416 |
||
| 650 |
_aPuneña _926601 |
||
| 650 |
_aLatinoamericana _95799 |
||
| 942 |
_2ddc _cLIBROS |
||
| 945 | _arah | ||